000
00240nmm a2200085Ia 4500
008
220120s9999||||xx |||||||||||||||||und||
100
_a
PC QUEST
_9
10676
245
0
_a
5 tools for ,NET & JAVA developers; Linux destro,pear Linux,
260
_c
2013
999
_c
139866
_d
139866